Foundations ohf physical anthropology and human evolution / (Record no. 143407)

MARC details
000 -LEADER
fixed length control field 00615nam a22001937a 4500
005 - DATE AND TIME OF LATEST TRANSACTION
control field 20170816124127.0
010 ## - LCCN (DPL NO)
LC control number ENG-119695
020 ## - INTERNATIONAL STANDARD BOOK NUMBER
Terms of availability 990.00
035 ## - SYSTEM CONTROL NUMBER
System control number EN-103227
037 ## - SOURCE OF ACQUISITION
Source of stock number/acquisition DBAD/PUB
082 ## - DEWEY DECIMAL CLASSIFICATION NUMBER
Classification number 309.173092
100 ## - MAIN ENTRY--PERSONAL NAME
Personal name Reddy, V. Rami
245 ## - TITLE STATEMENT
Title Foundations ohf physical anthropology and human evolution /
Statement of responsibility, etc by V. Rami Reddy
260 ## - PUBLICATION, DISTRIBUTION, ETC. (IMPRINT)
Place of publication, distribution, etc Tirupati (AP)
Name of publisher, distributor, etc V. Indira
Date of publication, distribution, etc 2012
270 ## - ADDRESS
Address 8-30, (Opp.) Vidyanagar, SVUNT Colony,
City Tirupati (AP)
Postal code 517502
300 ## - PHYSICAL DESCRIPTION
Extent iv,380p.
Dimensions 26cm(pbk)
500 ## - GENERAL NOTE
General note Includes bibliographical references
942 ## - ADDED ENTRY ELEMENTS (KOHA)
Source of classification or shelving scheme Dewey Decimal Classification
Item type English Books
Classification part 309.173092
Call number suffix RED
Holdings
Withdrawn status Lost status Not for loan Collection code Home library Current library Date acquired Source of acquisition Cost, normal purchase price Full call number Barcode Copy number Cost, replacement price Koha item type
    Not For Loan Non-fiction D.B.Act.Division D.B.Act.Division 16/08/2017 DBAD/PUB 990.00 309.173092 RED EN-103227 1 990.00 English Books

© Delhi Public Library
Hit Counter
free hit counter